Националистическая вандея и проявления устойчивости российской интеграции на Северном Кавказе в кризисных условиях 1917-1921 гг. (Запись № 10953803)
[ простой вид ]
| 000 -МАРКЕР | |
|---|---|
| контрольное поле | 02050nam0a2200325 i 4500 |
| 001 - ИДЕНТИФИКАТОР ЗАПИСИ | |
| контрольное поле | RU\NLR\BIBL_A\011296624 |
| 005 - ИДЕНТИФИКАТОР ВЕРСИИ | |
| контрольное поле | 20260405235624.0 |
| 010 ## - МЕЖДУНАРОДНЫЙ СТАНДАРТНЫЙ НОМЕР КНИГИ (ISBN) | |
| Номер (ISBN) | 9785927521203 |
| Тираж | 500 |
| 021 ## - НОМЕР ГОСУДАРСТВЕННОЙ РЕГИСТРАЦИИ | |
| Код страны | Российская Федерация |
| Номер | 2016-93319 |
| Номер Листа государственной регистраци | 6175 |
| 035 ## - ДРУГИЕ СИСТЕМНЫЕ НОМЕРА | |
| Идентификатор записи | (NLR Aleph) 011296624 |
| 100 ## - ДАННЫЕ ОБЩЕЙ ОБРАБОТКИ | |
| Данные общей обработки | 20161221d2016 k y0rusy50 ca |
| 101 0# - ЯЗЫК РЕСУРСА | |
| Язык текста, звукозаписи и т.д. | русский |
| 102 ## - СТРАНА ПУБЛИКАЦИИ ИЛИ ПРОИЗВОДСТВА | |
| Страна публикации | Российская Федерация |
| 105 ## - ПОЛЕ КОДИРОВАННЫХ ДАННЫХ: ТЕКСТОВЫЕ МАТЕРИАЛЫ, МОНОГРАФИЧЕСКИЕ | |
| Кодированные данные о монографическом текстовом документе | y|||z|||000zy |
| 200 1# - ЗАГЛАВИЕ И СВЕДЕНИЯ ОБ ОТВЕТСТВЕННОСТИ | |
| Основное заглавие | Националистическая вандея и проявления устойчивости российской интеграции на Северном Кавказе в кризисных условиях 1917-1921 гг. |
| Сведения, относящиеся к заглавию | союз кавказских горных анархистов-террористов. Атаман Зелим-хан. Кто он? Что заставило встать на путь разбоев? |
| -- | монография |
| Первые сведения об ответственности | В.А. Матвеев |
| Последующие сведения об ответственности | М-во образования и науки Рос. Федерации, Федер. гос. автоном. образоват. учреждение высш. образования "Юж. федер. ун-т" |
| 210 ## - ПУБЛИКАЦИЯ, РАСПРОСТРАНЕНИЕ И ДР. | |
| Место издания, распространения и т.д. | Ростов-на-Дону |
| Имя издателя, распространителя и т. д. | Издательство Южного федерального университета |
| Дата издания, распространения и т.д. | 2016 |
| 215 ## - ФИЗИЧЕСКАЯ ХАРАКТЕРИСТИКА | |
| Специфическое обозначение материала и объем | 169, [1] с. |
| Размеры | 20 |
| 300 ## - ОБЩИЕ ПРИМЕЧАНИЯ | |
| Текст примечания | На 4-й с. обл. авт.: Матвеев В.А., д.ист.н. |
| 320 ## - ПРИМЕЧАНИЯ О НАЛИЧИИ В ДОКУМЕНТЕ БИБЛИОГРАФИИ / УКАЗАТЕЛЯ | |
| Текст примечания | Библиогр. в подстроч. примеч. |
| 606 ## - НАИМЕНОВАНИЕ ТЕМЫ КАК ПРЕДМЕТ | |
| Наименование темы | Абречество |
| Системный номер авторитетной/нормативной записи | 2355669 |
| Идентификатор авторитетной/нормативной записи | RU\NLR\AUTH\661407062 |
| 606 1# - НАИМЕНОВАНИЕ ТЕМЫ КАК ПРЕДМЕТ | |
| Наименование темы | Национальная политика |
| Географический подзаголовок | Кавказ Северный |
| Хронологический подзаголовок | нач. 20 в. |
| Системный номер авторитетной/нормативной записи | 2312635 |
| Идентификатор авторитетной/нормативной записи | RU\NLR\AUTH\6601609494 |
| 686 1# - ИНДЕКСЫ ДРУГИХ КЛАССИФИКАЦИЙ | |
| Индекс | Т3(2Р37)52-56 |
| 686 1# - ИНДЕКСЫ ДРУГИХ КЛАССИФИКАЦИЙ | |
| Индекс | Т3(2Р37)52-45 |
| 700 #1 - ИМЯ ЛИЦА - ПЕРВИЧНАЯ ОТВЕТСТВЕННОСТЬ | |
| Материалы, к которым относится поле | rus |
| Графика поля | Кириллица |
| Начальный элемент ввода | Матвеев |
| Часть имени, кроме начального элемента ввода | В. А. |
| Дополнения к именам, кроме дат | д-р ист. наук |
| Расширение инициалов личного имени | Владимир Александрович |
| Идентификатор авторитетной/нормативной записи | RU\NLR\AUTH\7731385 |
| Системный номер авторитетной/нормативной записи | 14395 |
| 702 #1 - ИМЯ ЛИЦА - ВТОРИЧНАЯ ОТВЕТСТВЕННОСТЬ | |
| Код отношения | Прочие |
| Материалы, к которым относится поле | rus |
| Графика поля | Кириллица |
| Начальный элемент ввода | Гушмазукаев |
| Часть имени, кроме начального элемента ввода | З. |
| Даты | 1872-1913 |
| Расширение инициалов личного имени | Зелимхан |
| Идентификатор авторитетной/нормативной записи | RU\NLR\AUTH\77109230 |
| Системный номер авторитетной/нормативной записи | 92155 |
| 942 ## - ДОПОЛНИТЕЛЬНЫЕ ЭЛЕМЕНТЫ ЗАПИСИ (АБИС) | |
| Тип экземпляра АБИС | Книга |
| 980 ## - КОЛЛЕКЦИЯ | |
| Название коллекции | НБР |
Нет доступных экземпляров.